000 00689nam a22002057a 4500
999 _c2937
_d2937
003 AR-CdUCM
008 190305b ||||| |||| 00| 0 esp d
020 _aISBN
040 _aMUNICIPALIDAD PROVINCIAL DEL CUSCO
_cBIBLIOTECA MUNICIPAL DEL CUSCO
082 _a891.51 /
_bD93
100 _aDostoievski, Fedor
_910078
245 _aLos endemoniados :
_cFedor Dostoyevski
260 _aBarcelona ;
_bBrugera,
_c1969.
300 _a891 paginas ;
_c17 cm.
505 _aLos pecados ajenos -- La noche -- Antes de la fiesta -- Un registro en casa de Stefan Trofimovitch -- La viajera ...
650 _aNovelas rusas
_92132
650 _aSiglo XIX
_9971
942 _2ddc
_cLIBROS
945 _aacrt